000 00557nam a2200193Ia 4500
003 LDD
008 181029s9999 xx 000 0 und d
020 _a140203802X
_cE399.00
040 _cLDD
100 _aWeiss, Joel
245 0 _aInternational Handbook of Virtual Learning Environments
_cJoel Weiss
260 _aNetherlands
_bSpringer
_c2006
300 _a2v, 1615p.
365 _bE 399.00
901 _a3881
_b15-03-2007
902 _a8999
_b15-03-2007
_cF
_dOP
_e4
903 _aDiscount-10
_bReqst by : Manohar Lal(Mr.)
942 _2ddc
_cBK
999 _c78624
_d78624